Forecasting and predictive analytics : (Record no. 18463)
[ view plain ]
| 000 -LEADER | |
|---|---|
| fixed length control field | 00591nam a2200181Ia 4500 |
| 008 - FIXED-LENGTH DATA ELEMENTS--GENERAL INFORMATION | |
| fixed length control field | 220501s2022 xx 000 0 eng d |
| 020 ## - INTERNATIONAL STANDARD BOOK NUMBER | |
| International Standard Book Number | 9789390219452 |
| 082 ## - DEWEY DECIMAL CLASSIFICATION NUMBER | |
| Classification number | 658.4012 KEA-F |
| 100 ## - MAIN ENTRY--PERSONAL NAME | |
| Personal name | Keating, Barry |
| 245 #0 - TITLE STATEMENT | |
| Title | Forecasting and predictive analytics : |
| Remainder of title | with Forecast X / |
| Statement of responsibility, etc | Barry Keating, J. Holton Wilson, Shovan Chowdhury and John Galt Solutions, Inc. |
| 250 ## - EDITION STATEMENT | |
| Edition statement | 7th ed. |
| 260 ## - PUBLICATION, DISTRIBUTION, ETC. (IMPRINT) | |
| Place of publication, distribution, etc | Chennai : |
| Name of publisher, distributor, etc | McGraw Hill, |
| Date of publication, distribution, etc | 2022. |
| 300 ## - PHYSICAL DESCRIPTION | |
| Extent / Pages | xviii, 593 p. ; |
| 650 ## - SUBJECT ADDED ENTRY--TOPICAL TERM | |
| Topical term or geographic name as entry element | Business forecasting |
| 700 ## - ADDED ENTRY--PERSONAL NAME | |
| Personal name | Chowdhury, Shovan |
| 700 ## - ADDED ENTRY--PERSONAL NAME | |
| Personal name | Wilson, J. Holton |
| 942 ## - ADDED ENTRY ELEMENTS (KOHA) | |
| Source of classification or shelving scheme | |
| Koha item type | Reference Books |
| 942 ## - ADDED ENTRY ELEMENTS (KOHA) | |
| -- | 3 |
| Withdrawn status | Lost status | Source of classification or shelving scheme | Damaged status | Not for loan | Home library | Current library | Date acquired | Source of acquisition | Full call number | Barcode | Date last seen | Copy number | Bill Date | Koha item type | Bill Number | Currency | Cost, normal purchase price | Total Checkouts | Date last borrowed |
|---|---|---|---|---|---|---|---|---|---|---|---|---|---|---|---|---|---|---|---|
| SOBD Library | SOBD Library | 05/05/2022 | Vedi Books | 658.4012 KEA-F1 | 001054 | 01/07/2022 | 1 | 14/04/2022 | Reference Books | VEDI/22-23/04/07 | |||||||||
| SOBD Library | SOBD Library | 05/05/2022 | Vedi Books | 658.4012 KEA-F2 | 001055 | 01/08/2024 | 2 | 14/04/2022 | Books | VEDI/22-23/04/07 | |||||||||
| SOBD Library | SOBD Library | 15/05/2023 | Vedi Books | 658.4012 KEA-F3 | 002932 | 15/05/2023 | 3 | 17/04/2023 | Books | VEDI/23-24/04/10 | INR | 825.00 | |||||||
| SOBD Library | SOBD Library | 15/05/2023 | Vedi Books | 658.4012 KEA-F4 | 002933 | 15/05/2023 | 4 | 17/04/2023 | Books | VEDI/23-24/04/10 | INR | 825.00 | |||||||
| SOBD Library | SOBD Library | 15/05/2023 | Vedi Books | 658.4012 KEA-F5 | 002934 | 12/10/2023 | 5 | 17/04/2023 | Books | VEDI/23-24/04/10 | INR | 825.00 | |||||||
| SOBD Library | SOBD Library | 15/05/2023 | Vedi Books | 658.4012 KEA-F6 | 002935 | 02/05/2026 | 6 | 17/04/2023 | Books | VEDI/23-24/04/10 | INR | 825.00 | 2 | 30/09/2024 | |||||
| SOBD Library | SOBD Library | 15/05/2023 | Vedi Books | 658.4012 KEA-F7 | 002936 | 18/12/2024 | 7 | 17/04/2023 | Books | VEDI/23-24/04/10 | INR | 825.00 | 1 | 18/12/2024 | |||||
| SOBD Library | SOBD Library | 15/05/2023 | Vedi Books | 658.4012 KEA-F8 | 002937 | 20/03/2024 | 8 | 17/04/2023 | Books | VEDI/23-24/04/10 | INR | 825.00 |